Cómo crear tablas: guía práctica (Registro nro. 4737)
[ vista simple ]
| 000 -Cabecera | |
|---|---|
| Campo de control de longitud fija | 00777aam a2200301 4500 |
| 005 - Fecha y hora de la última transacción | |
| Campo de control | 20260407183443.0 |
| 008 - Elementos de longitud fija--Información general | |
| Campo de control de longitud fija | 150416b2007 xxu||||| |||| 00| 0 spa d |
| 041 ## - Idioma | |
| Código de idioma | Español |
| 082 ## - Clasificación Decimal Dewey | |
| Número de clasificación | 001.42 N634co |
| 100 ## - Entrada principal--Autor personal | |
| Nombre personal | Nicol, Adelheid |
| 100 ## - Entrada principal--Autor personal | |
| Nombre personal | Pexman, Penny |
| 245 ## - Título propiamente dicho | |
| Título | Cómo crear tablas: guía práctica |
| 260 ## - Pie de imprenta | |
| Lugar de publicación, distribución, etc. | México |
| 260 ## - Pie de imprenta | |
| Nombre del editor, distribuidor, etc. | Manual Moderno |
| 260 ## - Pie de imprenta | |
| Fecha de publicación, distribución, etc. | 2007 |
| 300 ## - Descripción física | |
| Extensión | 160 páginas |
| 490 ## - Serie | |
| Título de la Serie | Temática General |
| 650 ## - Materia general | |
| Temática (materia general) | MÉTODOS DE INVESTIGACIÓN |
| 650 ## - Materia general | |
| Temática (materia general) | MÉTODOS ESTADÍSTICOS |
| 650 ## - Materia general | |
| Temática (materia general) | TABLAS |
| 650 ## - Materia general | |
| Temática (materia general) | PSICOLOGÍA |
| 650 ## - Materia general | |
| Temática (materia general) | ANÁLISIS DE COVARIANZA |
| 650 ## - Materia general | |
| Temática (materia general) | ANÁLISIS DE VARIANZA |
| 650 ## - Materia general | |
| Temática (materia general) | ANÁLISIS FACTORIAL |
| 650 ## - Materia general | |
| Temática (materia general) | DATOS DEMOGRÁFICOS |
| 650 ## - Materia general | |
| Temática (materia general) | ESTADÍSTICAS |
| 942 ## - Punto de acceso adicional KOHA | |
| Tipo de ítem KOHA | Libro |
| Fuente del sistema de clasificación o colocación | Dewey Decimal Classification |
| Signatura completa | Código de barras | Programa Académico | Tipo de ítem |
|---|---|---|---|
| 001.42 N634co | 992 | Temática General | Libro |